000 00552nam a2200217 454500
001 062439
003 BD-ChCU
008 Eng
020 _ax
040 _aDLC
_cDLC
_dBD-ChCU
082 0 0 _a362.2/S524e
100 1 _aShammi, Nadira
_bBegum, Hamida Akhtar
245 1 0 _aExpearing mental disorders in Bangladesh
_ba survey of hospitals and chines
250 _a1st ed.
260 _aDhaka
_bCPRT
_c2005
300 _avi,137
504 _ax
650 0 _aMental disorders
_bPsychology
700 1 _aBegum, Hamida Akhtar
942 _2ddc
_cBK
999 _c62439
_d62439